TOEICの世界に存在しないモノ - Statistics

General Stats
  • This quiz has been taken 73 times
  • The average score is 3 of 48
Answer Stats
Answer % Correct
犯罪
70%
戦争
43%
差別
24%
貧困
19%
いじめ
17%
ブラック企業
16%
宗教
13%
葬式
13%
喧嘩
13%
離婚
13%
不倫
10%
恋愛
10%
感染症
8%
左遷
6%
えこひいき
3%
暴言
3%
ハラスメント
3%
モンスターペアレント
3%
酒・タバコ・ギャンブル
2%
サービス残業
2%
懲戒解雇
2%
降格
2%
苦手な上司
2%
非協力的な同僚
2%
生意気な部下
2%
金銭トラブル
2%
嫌がらせ
2%
炎上
2%
居酒屋
2%
二日酔い
2%
重病
0%
人命にかかわる事故・事件・天災
0%
政党
0%
五輪
0%
雰囲気の悪い職場
0%
権力闘争
0%
仕事の愚痴
0%
人間関係の悩み
0%
転職の失敗
0%
他人の悪口
0%
悪意や妬み
0%
オカルト
0%
サボリ
0%
カンニング
0%
パクリ
0%
経歴詐称
0%
入院患者
0%
爆笑・号泣する人
0%
No matching quizzes found
Score Distribution
Percent of People with Each Score
Percentile by Number Answered
Your Score History
You have not taken this quiz